000 00339nam a2200121Ia 4500
008 220217s9999||||xx |||||||||||||| ||und||
082 _a005.13 KRI
100 _aKrishna, Bharathi, K
245 0 _aDevelop an accses pacase using VB .Net
260 _aVK publishers
_bNew Delhi
_c2003
300 _b350
650 _aPROGRAMMING LANGUAGE
999 _c173546
_d173546